000 01155nas a2200253 454500
001 4984
005 20260407193504.0
008 260407s2006####ag###########|||spa#d
003 AR-UNSa-BCEJYS
040 _aAR-UNSa-BCEJYS
_bspa
_cAR-UNSa-BCEJYS
080 _a34
_xDerecho
245 1 0 _aCompendio de jurisprudencia, doctrina y legislación
264 1 _aBuenos Aires :
_bErrepar
_c2006
310 _aPeriodicidad: Mensual
505 _aPublicación dirigida a abogados y jueces que mensualmente presentará la más relevante jurisprudencia, en sumarios por voces y en fallos "in extenso", la doctrina de lo más importantes autores, y las novelas legislativas que día a día vayan sancionándose, todo ello en un formato que permita y facilite la búsqueda ágil y ordenada de la información.
942 _cSER
590 _aniveau_biblio:s niveau_hierar:1
100 1 _aKielmanovich, Jorge L.
650 _aDerecho
650 _aLegislación
650 _aJURISPRUDENCIA
650 _aDOCTRINA
856 4 1 _uhttps://biblioeco.unsa.edu.ar/pmb/images/revistas/Comprendio de la Jurisprudencia Doctrina y Legislacion.jpg
_yImagen de portada
_qimage/jpeg
999 _c8412
_d8412